Welcome to the Holygrace Academy Library

Please use search bar below to get started

QUIZ LAND (Record no. 2175)

MARC details
000 -LEADER
fixed length control field 00293nam a22001337a 4500
020 ## - INTERNATIONAL STANDARD BOOK NUMBER
ISBN 81-7797-018-6
082 ## - DEWEY DECIMAL CLASSIFICATION NUMBER
Classification number 001
Item number KUM/Q
100 ## - MAIN ENTRY--AUTHOR NAME
Personal name KUMAR, MOHANA S
245 ## - TITLE STATEMENT
Title QUIZ LAND
Remainder of title 3500 QUIZ
260 ## - PUBLICATION, DISTRIBUTION, ETC. (IMPRINT)
Place of publication TRIVANDRUM
Name of publisher SISO BOOKS
Year of publication 2004
300 ## - PHYSICAL DESCRIPTION
Number of Pages 543
650 ## - SUBJECT ADDED ENTRY--TOPICAL TERM
Topical Term QUIZ
Geographic subdivision KERALA
942 ## - ADDED ENTRY ELEMENTS (KOHA)
Koha item type Books
Holdings
Withdrawn status Lost status Collection code Home library Current library Shelving location Date acquired Source of acquisition Cost, normal purchase price Full call number Accession Number Koha item type
    Reference Main Library Main Library SHELF 1 H -DICTIONARY, ENCYCLOPEDIA 03/06/2005 purchase 340.00 001 KUM/Q 00985 Books